000 00348nam a22001337a 4500
008 150423b xxu||||| |||| 00| 0 eng d
082 _221st
_a005.
100 _9155
_a Jauch, Lawrence R.
245 _aLogistics and supply chain management
260 _bFinancial Time
_cc
300 _a100p.
700 _9156
_a Glueck, William F.
942 _2ddc
_cBK
999 _c148
_d148